<?xml version="1.0" encoding="UTF-8"?>
<record
    xmlns:xsi="http://www.w3.org/2001/XMLSchema-instance"
    xsi:schemaLocation="http://www.loc.gov/MARC21/slim http://www.loc.gov/standards/marcxml/schema/MARC21slim.xsd"
    xmlns="http://www.loc.gov/MARC21/slim">

  <leader>01690cam a2200337 a 4500</leader>
  <controlfield tag="001">1491539</controlfield>
  <controlfield tag="003">OSt</controlfield>
  <controlfield tag="005">20210108115745.0</controlfield>
  <controlfield tag="008">150819s2010    ck     gr     0001j spa d</controlfield>
  <datafield tag="020" ind1=" " ind2=" ">
    <subfield code="a">9789584244031</subfield>
  </datafield>
  <datafield tag="020" ind1=" " ind2=" ">
    <subfield code="a">9584244035</subfield>
  </datafield>
  <datafield tag="040" ind1=" " ind2=" ">
    <subfield code="a">CO-BoBLA </subfield>
    <subfield code="b">spa </subfield>
    <subfield code="c">CO-BoBLA</subfield>
  </datafield>
  <datafield tag="043" ind1=" " ind2=" ">
    <subfield code="a">s-ck---</subfield>
  </datafield>
  <datafield tag="082" ind1="0" ind2="4">
    <subfield code="a">JC</subfield>
    <subfield code="b">MEND</subfield>
  </datafield>
  <datafield tag="100" ind1="1" ind2=" ">
    <subfield code="a">Mendoza, Mario, </subfield>
    <subfield code="d">1964-. </subfield>
    <subfield code="t">La importancia de morir a tiempo.</subfield>
  </datafield>
  <datafield tag="245" ind1="1" ind2="3">
    <subfield code="a">La locura de nuestro tiempo / </subfield>
    <subfield code="c">Mario Mendoza Zambrano.</subfield>
  </datafield>
  <datafield tag="260" ind1=" " ind2=" ">
    <subfield code="a">Bogot&#xFFFD; : </subfield>
    <subfield code="b">Editorial Planeta Colombiana, </subfield>
    <subfield code="c">2010.</subfield>
  </datafield>
  <datafield tag="300" ind1=" " ind2=" ">
    <subfield code="a">256 p&#xE1;ginas ; </subfield>
    <subfield code="c">23 cm.</subfield>
  </datafield>
  <datafield tag="490" ind1="1" ind2=" ">
    <subfield code="a">Autores Espa&#xFFFD;oles e Iberoamericanos</subfield>
  </datafield>
  <datafield tag="500" ind1=" " ind2=" ">
    <subfield code="a">Tras a&#xF1;os de anotar compulsiva y met&#xF3;dicamente historias de la prensa que pasaron inadvertidas para el gran p&#xFA;blico, Mario Mendoza decidi&#xF3; que val&#xED;a la pena darle una estructura narrativa a esa suma de personajes que devienen en reflexiones sobre el lugar y el tiempo que habitamos. El escritor plante&#xF3; este libro como una bit&#xE1;cora de viaje y un testamento literario para articular una intuici&#xF3;n primaria: que estar en Bogot&#xE1;, en Calcuta, en R&#xED;o de Janeiro, en Bangkok o en Ciudad de M&#xE9;xico es un privilegio porque el deterioro de nuestros lugares, al menos, es expl&#xED;cito. Lejos, en el Primer Mundo, todo es soterrado y, precisamente por eso, mucho m&#xE1;s demoledor. </subfield>
  </datafield>
  <datafield tag="650" ind1=" " ind2="4">
    <subfield code="a">Cuentos colombianos.</subfield>
  </datafield>
  <datafield tag="650" ind1=" " ind2="4">
    <subfield code="a">Sexo</subfield>
    <subfield code="v"> Cuentos.</subfield>
  </datafield>
  <datafield tag="650" ind1=" " ind2=" ">
    <subfield code="a">Padres e hijos</subfield>
    <subfield code="v"> Cuentos.</subfield>
  </datafield>
  <datafield tag="650" ind1=" " ind2="4">
    <subfield code="a">Canibalismo</subfield>
    <subfield code="v"> Cuentos.</subfield>
  </datafield>
  <datafield tag="650" ind1=" " ind2="4">
    <subfield code="a">Artistas pl&#xFFFD;sticos</subfield>
    <subfield code="v"> Cuentos.</subfield>
  </datafield>
  <datafield tag="650" ind1=" " ind2=" ">
    <subfield code="a">Amistad</subfield>
    <subfield code="v"> Cuentos.</subfield>
  </datafield>
  <datafield tag="650" ind1=" " ind2="4">
    <subfield code="a">Locura</subfield>
    <subfield code="v"> Cuentos.</subfield>
  </datafield>
  <datafield tag="650" ind1=" " ind2="4">
    <subfield code="a">Psic&#xFFFD;patas</subfield>
    <subfield code="v"> Cuentos.</subfield>
  </datafield>
  <datafield tag="942" ind1=" " ind2=" ">
    <subfield code="2">ddc</subfield>
    <subfield code="c">BKLIT</subfield>
  </datafield>
  <datafield tag="949" ind1=" " ind2=" ">
    <subfield code="a">c          </subfield>
    <subfield code="b">c</subfield>
  </datafield>
  <datafield tag="999" ind1=" " ind2=" ">
    <subfield code="c">12725</subfield>
    <subfield code="d">12725</subfield>
  </datafield>
  <datafield tag="952" ind1=" " ind2=" ">
    <subfield code="0">0</subfield>
    <subfield code="1">0</subfield>
    <subfield code="2">ddc</subfield>
    <subfield code="4">0</subfield>
    <subfield code="7">0</subfield>
    <subfield code="a">BPMOS</subfield>
    <subfield code="b">BPMOS</subfield>
    <subfield code="d">2021-01-08</subfield>
    <subfield code="e">Compra</subfield>
    <subfield code="i">NT</subfield>
    <subfield code="l">10</subfield>
    <subfield code="o">JC MEND</subfield>
    <subfield code="p">MOS500357</subfield>
    <subfield code="r">2025-03-04</subfield>
    <subfield code="s">2025-01-27</subfield>
    <subfield code="t">ej 1</subfield>
    <subfield code="w">2021-01-08</subfield>
    <subfield code="y">BKLIT</subfield>
    <subfield code="z">Quince dias</subfield>
  </datafield>
  <datafield tag="952" ind1=" " ind2=" ">
    <subfield code="0">0</subfield>
    <subfield code="1">0</subfield>
    <subfield code="2">ddc</subfield>
    <subfield code="4">0</subfield>
    <subfield code="7">0</subfield>
    <subfield code="a">BPMOS</subfield>
    <subfield code="b">BPMOS</subfield>
    <subfield code="d">2021-01-08</subfield>
    <subfield code="e">Compra</subfield>
    <subfield code="i">NT</subfield>
    <subfield code="l">6</subfield>
    <subfield code="o">JC MEND</subfield>
    <subfield code="p">MOS500380</subfield>
    <subfield code="r">2023-11-02</subfield>
    <subfield code="s">2023-08-28</subfield>
    <subfield code="t">ej 2</subfield>
    <subfield code="w">2021-01-08</subfield>
    <subfield code="y">BKLIT</subfield>
    <subfield code="z">Quince dias</subfield>
  </datafield>
</record>
